Employment law manual
Enregistré dans:
| Auteur principal: | |
|---|---|
| Format: | Livre |
| Publié: |
:
Gower press. ;
c 1976.
|
| Sujets: | |
| Tags: |
Ajouter un tag
Pas de tags, Soyez le premier à ajouter un tag!
|
MARC
| LEADER | 00000cam a22000004a 4500 | ||
|---|---|---|---|
| 005 | 20251007110418.0 | ||
| 020 | |a 071610220X |c TZS 10,000/= | ||
| 040 | |a MCCL |b eng. |e AACR 2nd rev.ed. | ||
| 082 | |a 344.01 PAY | ||
| 100 | |a Payne,Desmond | ||
| 245 | 1 | 0 | |a Employment law manual |c / Desmond, Payne |
| 260 | |a : |b Gower press. ; |c c 1976. | ||
| 300 | |a (Various pages). : |c 25 cm. | ||
| 546 | |a eng. | ||
| 650 | 0 | |a Compesation | |
| 650 | 0 | |a Tribunals | |
| 650 | 0 | |a Employment law | |
| 700 | |a Payne,Desmond | ||
| 942 | |c BK | ||
| 999 | |c 12210 |d 12210 | ||